[Event "78th Tata Steel GpA"]
[Site "Wijk aan Zee NED"]
[Date "2016.01.19"]
[Round "4"]
[White "Eljanov,P"]
[Black "Van Wely,L"]
[Result "1-0"]
[WhiteElo "2760"]
[BlackElo "2640"]
[EventDate "2016.01.15"]

1. d4 d5 2. c4 c6 3. Nf3 Nf6 4. e3 e6 5. Bd3 Nbd7 6. O-O b6 7. b3 Bb7 8.
Bb2 Be7 9. Nbd2 O-O 10. Qe2 Rc8 11. Ne5 c5 12. f4 Ne4 13. Bxe4 dxe4 14.
Rad1 cxd4 15. Nxe4 Nxe5 16. fxe5 Bxe4 17. Rxd4 Bd5 18. cxd5 Bc5 19. Rd3
exd5 20. Qf3 Qg5 21. Kh1 h6 22. h3 Rc7 23. Kh2 Rfc8 24. Qxd5 Qg6 25. Rfd1
Be7 26. Bd4 Rc2 27. R3d2 Rxd2 28. Rxd2 Bh4 29. Rd1 Rc2 30. a4 Qf5 31. Kh1
Rf2 32. e4 Rf1+ 33. Bg1 Qf2 34. Rxf1 Qxf1 35. e6 Be7 36. Qd7 Qf6 37. exf7+
Qxf7 38. Qxa7 1-0

[Event "78th Tata Steel GpA"]
[Site "Wijk aan Zee NED"]
[Date "2016.01.21"]
[Round "5"]
[White "Tomashevsky,E"]
[Black "Eljanov,P"]
[Result "1/2-1/2"]
[WhiteElo "2728"]
[BlackElo "2760"]
[EventDate "2016.01.15"]

1. d4 Nf6 2. c4 e6 3. g3 Bb4+ 4. Nd2 c5 5. a3 Bxd2+ 6. Qxd2 cxd4 7. Nf3 b6
8. Bg2 Bb7 9. O-O Bxf3 10. Bxf3 Nc6 11. b3 O-O 12. Bb2 Rc8 13. Bxd4 Nxd4
14. Qxd4 Rc5 15. b4 Rc7 16. e4 d6 17. Rfd1 e5 18. Qd3 Qc8 19. Be2 Rd8 20.
Qe3 g6 21. Rd2 Kg7 22. Rad1 Qe6 23. Kg2 h6 24. f3 Rdd7 25. Bf1 Qe7 26. Kg1
Qe6 27. Kg2 Qe7 28. Kg1 Qe6 29. Re1 Rd8 30. Qf2 Kh7 31. Ra1 Qe7 32. Re1 Qe6
33. Ra1 Qe7 34. Qe3 Rc6 35. Rad1 Rcc8 36. Qf2 Kg7 37. Qe3 Nh7 38. Rd5
1/2-1/2

[Event "78th Tata Steel GpA"]
[Site "Wijk aan Zee NED"]
[Date "2016.01.22"]
[Round "6"]
[White "So,W"]
[Black "Caruana,F"]
[Result "1/2-1/2"]
[WhiteElo "2773"]
[BlackElo "2787"]
[EventDate "2016.01.15"]

1. e4 e5 2. Nf3 Nc6 3. Bc4 Bc5 4. O-O Nf6 5. d3 d6 6. c3 a6 7. Re1 Ba7 8.
a4 Be6 9. Bxe6 fxe6 10. Qb3 Qc8 11. Be3 Bxe3 12. Rxe3 O-O 13. Nbd2 Na5 14.
Qa2 c5 15. d4 c4 16. b4 cxb3 17. Nxb3 Nc4 18. Ree1 Qc6 19. Nc5 dxc5 20.
Qxc4 exd4 21. cxd4 Nd7 22. a5 Rac8 23. d5 exd5 24. exd5 Qd6 25. Re6 Qf4 26.
Re4 Qd6 27. Rb1 Rb8 28. Re6 Qf4 29. Qe2 c4 30. Re4 Qf5 31. Qxc4 b5 32. axb6
Nxb6 33. Qe2 Nxd5 34. Rxb8 Rxb8 35. Re8+ Rxe8 36. Qxe8+ Qf8 37. Qe6+ Qf7
38. Qxa6 h6 39. Qc8+ Kh7 40. h4 Qg6 41. Qb8 Qe4 42. Qb7 Qf5 43. Qb5 Qe4 44.
Nd2 Qe1+ 45. Nf1 Nf6 46. Qd3+ Kg8 47. g3 Kf7 48. Kg2 Qe4+ 49. Qxe4 Nxe4 50.
Ne3 h5 51. Kf3 Nc5 52. Nd5 g6 53. Nf4 Kf6 54. Ke3 Kf5 55. f3 Nd7 56. Nd3
Nf8 57. Nc5 Ke5 58. g4 hxg4 59. fxg4 Nh7 60. Nd3+ Ke6 61. Kf4 Nf6 62. Kg5
Kf7 63. Nf4 Kg7 64. Ne6+ Kf7 65. Nc5 Kg7 66. Kf4 Nd5+ 67. Ke5 Ne3 68. Kf4
Nd5+ 69. Ke4 Nf6+ 70. Kf3 Nd5 71. Nd3 Kf6 72. Nf2 Ke6 73. Ke4 Nf6+ 74. Kf4
Kf7 75. Ke5 Ke7 76. g5 Nd7+ 77. Kf4 Ke6 78. Ng4 Nb6 79. Nf6 Nc4 80. Ke4
1/2-1/2

[Event "78th Tata Steel GpA"]
[Site "Wijk aan Zee NED"]
[Date "2016.01.22"]
[Round "6"]
[White "Adams,Mi"]
[Black "Van Wely,L"]
[Result "1/2-1/2"]
[WhiteElo "2744"]
[BlackElo "2640"]
[EventDate "2016.01.15"]

1. e4 c5 2. Nf3 d6 3. d4 cxd4 4. Nxd4 Nf6 5. Nc3 a6 6. g3 e5 7. Nde2 Be7 8.
Bg2 O-O 9. O-O b5 10. Nd5 Nbd7 11. Nec3 Bb7 12. Be3 Nxd5 13. Nxd5 Nf6 14.
Bb6 Qd7 15. Nxe7+ Qxe7 16. Re1 Nxe4 17. Rxe4 f5 18. Re3 Bxg2 19. Kxg2 Qb7+
20. Rf3 g5 21. Kg1 Qxb6 22. Qd5+ Kg7 23. Rd1 Rad8 24. Qe6 h6 25. Rfd3 Rfe8
26. Qb3 f4 27. Rd5 fxg3 28. hxg3 Rf8 29. R1d2 Rf6 30. Qb4 Qc7 31. a4 bxa4
32. Qxa4 Qb6 33. c4 Rdf8 34. Qc2 R8f7 35. b3 Rb7 36. R2d3 Rbf7 37. Rd2 Rb7
38. R2d3 Rbf7 39. Rd2 1/2-1/2

[Event "78th Tata Steel GpA"]
[Site "Wijk aan Zee NED"]
[Date "2016.01.23"]
[Round "7"]
[White "Van Wely,L"]
[Black "Giri,A"]
[Result "0-1"]
[WhiteElo "2640"]
[BlackElo "2798"]
[EventDate "2016.01.15"]

1. Nf3 d5 2. d4 Nf6 3. c4 c6 4. e3 Bg4 5. h3 Bh5 6. Nc3 e6 7. g4 Bg6 8. Ne5
Nbd7 9. h4 dxc4 10. Nxc4 h5 11. g5 Nd5 12. Bg2 N5b6 13. b3 Bb4 14. Bd2 e5
15. a3 Nxc4 16. bxc4 Ba5 17. O-O O-O 18. c5 Re8 19. Ra2 Qc7 20. Rb2 b6 21.
cxb6 axb6 22. d5 e4 23. dxc6 Qxc6 24. Nb5 Ne5 25. Bxa5 Rxa5 26. Nd4 Qd6 27.
Ne2 Nd3 28. Nf4 Rxa3 29. Rb5 Qc6 30. Qb1 Nxf4 31. exf4 Qd7 32. Rxb6 Qg4 33.
Rb8 Rxb8 34. Qxb8+ Kh7 35. Qe5 Rf3 36. f5 Bxf5 37. Re1 Rf4 38. Re3 Bg6 39.
Qd6 Qxh4 40. Rg3 Rg4 41. Qe5 Rxg3 42. fxg3 Qg4 43. Kf2 Bf5 44. Qe7 Kg6 45.
Qe5 Qxg5 0-1

[Event "78th Tata Steel GpA"]
[Site "Wijk aan Zee NED"]
[Date "2016.01.23"]
[Round "7"]
[White "Tomashevsky,E"]
[Black "Adams,Mi"]
[Result "1/2-1/2"]
[WhiteElo "2728"]
[BlackElo "2744"]
[EventDate "2016.01.15"]

1. d4 Nf6 2. c4 e6 3. Nc3 d5 4. cxd5 exd5 5. Bg5 c6 6. e3 Be7 7. Bd3 h6 8.
Bh4 Nbd7 9. Qc2 Nh5 10. Bxe7 Qxe7 11. O-O-O Nb6 12. h3 Be6 13. Nf3 Nf6 14.
Kb1 O-O-O 15. Nd2 Kb8 16. Nb3 Rhe8 17. f3 Nfd7 18. Rhe1 Rc8 19. Rc1 Rc7 20.
Nb5 Rcc8 21. Nc3 a6 22. Ne2 Nc4 23. Nf4 Nd6 24. Nc5 g5 25. Nfxe6 fxe6 26.
e4 dxe4 27. Bxe4 Nxc5 28. dxc5 Nxe4 29. Qxe4 Rcd8 30. Qe5+ Qc7 31. Qxc7+
Kxc7 32. Re4 Rd2 33. Rc2 Rd1+ 34. Rc1 Rd2 1/2-1/2

[Event "78th Tata Steel GpA"]
[Site "Wijk aan Zee NED"]
[Date "2016.01.24"]
[Round "8"]
[White "Giri,A"]
[Black "Tomashevsky,E"]
[Result "1/2-1/2"]
[WhiteElo "2798"]
[BlackElo "2728"]
[EventDate "2016.01.15"]

1. g3 d5 2. Nf3 Nf6 3. Bg2 c6 4. O-O Bf5 5. c4 e6 6. Qb3 Qb6 7. d3 Nbd7 8.
cxd5 Qxb3 9. axb3 exd5 10. Bd2 Nc5 11. Nd4 Bd7 12. b4 Ne6 13. Nb3 Be7 14.
Bc3 O-O 15. N1d2 a6 16. Nf3 Rad8 17. Rfc1 Ne8 18. Nfd4 Nxd4 19. Nxd4 Nd6
20. f4 Rfe8 21. Kf2 Bf8 22. Bf3 g6 23. g4 Bg7 24. h4 Bc8 25. e3 Re7 26. Rh1
Rde8 27. Rae1 h6 28. h5 g5 29. f5 Be5 30. Bd1 Bd7 31. Bb3 b6 32. Ne2 Kg7
33. Bxe5+ Rxe5 34. Nc3 a5 35. bxa5 bxa5 36. Ba4 Rb8 37. b3 Rb4 38. d4 Re8
39. Kf3 Reb8 40. Rc1 Kf8 41. Rh2 Ke7 42. Rhc2 R4b6 43. e4 dxe4+ 44. Nxe4
Nxe4 45. Kxe4 Kd6 46. Rc5 Ra6 47. Kd3 f6 48. R1c3 Be8 49. Ke4 Bd7 50. Kd3
Be8 51. Ke3 Rb7 52. Rc1 Rb8 53. Kd3 Bd7 54. R1c2 Be8 55. R2c3 Rb4 56. Ke4
Bd7 57. Kd3 Be8 1/2-1/2

[Event "78th Tata Steel GpA"]
[Site "Wijk aan Zee NED"]
[Date "2016.01.24"]
[Round "8"]
[White "Hou Yifan"]
[Black "Van Wely,L"]
[Result "0-1"]
[WhiteElo "2673"]
[BlackElo "2640"]
[EventDate "2016.01.15"]

1. e4 c5 2. Nf3 d6 3. d4 cxd4 4. Nxd4 Nf6 5. Nc3 a6 6. Be3 e6 7. g4 h6 8.
Qf3 Nbd7 9. Qg2 g5 10. O-O-O Ne5 11. Be2 b5 12. h4 Rg8 13. hxg5 hxg5 14.
Nf3 Nexg4 15. Bd4 Bb7 16. Ne1 b4 17. Bxg4 bxc3 18. Bxc3 Rc8 19. Bxf6 Qxf6
20. Nd3 Qd4 21. f3 Bg7 22. Kb1 Ke7 23. Qd2 Bf6 24. Rh6 Qb6 25. a3 a5 26.
Qh2 Bg7 27. Rh5 Ba6 28. Qd2 Bc3 29. Qc1 Bd4 30. Qd2 Bxd3 31. cxd3 Rc3 32.
Rh2 Rxa3 33. Qc1 Rb8 34. Rc2 Rb3 35. Rdd2 Be3 36. Qd1 Bxd2 37. Qxd2 Qg1+
38. Qc1 Qxc1+ 39. Kxc1 R8b7 40. d4 a4 41. Bh5 R3b4 42. d5 exd5 43. exd5 Rd4
0-1

[Event "78th Tata Steel GpA"]
[Site "Wijk aan Zee NED"]
[Date "2016.01.24"]
[Round "8"]
[White "Adams,Mi"]
[Black "Eljanov,P"]
[Result "1/2-1/2"]
[WhiteElo "2744"]
[BlackElo "2760"]
[EventDate "2016.01.15"]

1. e4 e5 2. Nf3 Nc6 3. Bb5 Nf6 4. O-O Nxe4 5. d4 Nd6 6. Bxc6 dxc6 7. dxe5
Nf5 8. Qxd8+ Kxd8 9. h3 Be7 10. Rd1+ Ke8 11. g4 Nh4 12. Nxh4 Bxh4 13. Nc3
h5 14. f3 f5 15. exf6 gxf6 16. Ne2 Kf7 17. b3 Re8 18. Nf4 hxg4 19. fxg4 f5
20. Rf1 Bf6 21. Rb1 Bd4+ 22. Kh1 fxg4 23. Bb2 Bxb2 24. Rxb2 Re3 25. c4 Rf3
26. Rxf3 gxf3 27. Rf2 Bf5 28. Kh2 Be4 29. Nd3 Ke6 30. Ne1 Kd6 31. Kg3 Kc5
32. Nxf3 Kb4 33. Kf4 Bb1 34. Rb2 Rf8+ 35. Ke3 Bf5 36. Rh2 Ka3 37. h4 Bb1
38. h5 Bxa2 39. Nd2 Bxb3 40. Kd4 Bc2 41. Kc3 Bh7 42. Rh1 Ka2 43. Rh2 b6 44.
Ne4+ Ka3 45. Ng5 Bb1 46. Rh1 Ba2 47. Rh3 b5 48. Ne6 Rg8 49. h6 Bxc4 50. Nd4
Bd5 51. h7 Rh8 52. Nc2+ Ka4 53. Kd4 b4 54. Kc5 a5 55. Rh4 Kb3 56. Nd4+ Ka3
57. Nc2+ Kb2 58. Rh2 b3 59. Ne3+ Ka3 60. Nd1 a4 61. Nc3 b2 62. Rh3 Be6 63.
Re3 Bf5 64. Nd5+ Ka2 65. Nb4+ Ka1 66. Ra3+ Kb1 67. Rf3 Kc1 68. Rf1+ Kd2 69.
Rf2+ Ke3 70. Rxb2 Rxh7 71. Ra2 Rh1 72. Ra3+ Ke4 73. Na2 Ke5 74. Rxa4 Be4
75. Ra8 Bg6 76. Rf8 Ra1 77. Rf2 Be4 78. Re2 Kf4 79. Nc3 Bf3 80. Re7 Rc1 81.
Kd4 c5+ 82. Kd3 c6 83. Ne2+ Bxe2+ 84. Rxe2 Kf5 85. Re8 1/2-1/2

[Event "78th Tata Steel GpA"]
[Site "Wijk aan Zee NED"]
[Date "2016.01.27"]
[Round "10"]
[White "Hou Yifan"]
[Black "Eljanov,P"]
[Result "0-1"]
[WhiteElo "2673"]
[BlackElo "2760"]
[EventDate "2016.01.15"]

1. e4 e5 2. Nf3 Nc6 3. Bc4 Bc5 4. c3 Nf6 5. d3 O-O 6. O-O d6 7. Nbd2 a6 8.
Bb3 Be6 9. Bc2 h6 10. h3 Re8 11. Re1 d5 12. exd5 Bxd5 13. b4 Ba7 14. a4 b5
15. Bb2 Qb8 16. Nf1 Qb6 17. Ne3 Rad8 18. a5 Qb7 19. Nxd5 Nxd5 20. Nh4 Re6
21. d4 Rf6 22. Qh5 Qc8 23. Be4 Nf4 24. Qf3 Ng6 25. Qg3 Nxh4 26. Qxh4 exd4
27. Bf3 d3 28. Rad1 Qf5 29. c4 g5 30. Qe4 Bd4 31. Bxd4 Nxd4 32. Rxd3 Ne2+
33. Rxe2 Rxd3 34. Qe8+ Kg7 35. Be4 Rd1+ 36. Kh2 Qf4+ 37. g3 Qd6 38. cxb5
Rd2 39. Bg2 Rxf2 40. Rxf2 Rxf2 41. Qe3 Rf6 42. bxa6 Qxa6 43. Qc5 Qd6 44.
Qc3 Kg8 45. b5 Rf2 46. Qe1 Ra2 47. a6 Qd5 48. Qf1 Qd4 49. Qg1 Qxg1+ 50.
Kxg1 Kf8 51. Bd5 Ra3 52. Kf2 Ke7 53. g4 f6 54. Ke2 Kd6 55. Be4 Kc5 56. Bd3
Kd4 57. Bf5 Rxh3 58. Bd7 Ra3 59. Bc6 Kc5 60. Bd7 Kb6 61. Kf2 c5 62. bxc6
Rxa6 63. Kf3 Ra4 64. Ke3 Kc7 65. Kf3 Kd6 66. Ke3 Ra5 67. Ke4 Re5+ 68. Kf3
Re7 0-1

[Event "78th Tata Steel GpA"]
[Site "Wijk aan Zee NED"]
[Date "2016.01.29"]
[Round "11"]
[White "Adams,Mi"]
[Black "Giri,A"]
[Result "1/2-1/2"]
[WhiteElo "2744"]
[BlackElo "2798"]
[EventDate "2016.01.15"]

1. e4 c5 2. Nf3 Nc6 3. Bb5 g6 4. Bxc6 bxc6 5. O-O Bg7 6. Re1 Nh6 7. c3 O-O
8. h3 f5 9. e5 Nf7 10. d3 Ba6 11. c4 d6 12. e6 Ne5 13. Nc3 Rb8 14. Nxe5
Bxe5 15. Na4 Qc7 16. Bh6 Rf6 17. Rxe5 dxe5 18. Nxc5 Bc8 19. d4 g5 20. Bxg5
Rg6 21. Qh5 Qd6 22. Re1 Qxd4 23. Be3 Qxc4 24. b3 Qb4 25. Rd1 Bxe6 26. Nxe6
Rxe6 27. Qxf5 Rd6 28. Rc1 Qa5 29. Rc4 Rg6 30. Rg4 Rxg4 31. Qxg4+ Kh8 32.
Qe6 Re8 33. Qxc6 Rd8 34. a4 Qd5 35. Qxd5 Rxd5 36. Bxa7 Rd1+ 37. Kh2 Rb1 38.
Bc5 Rxb3 39. Bxe7 Rb2 40. Bf6+ Kg8 41. Bxe5 Rxf2 42. a5 1/2-1/2

[Event "78th Tata Steel GpA"]
[Site "Wijk aan Zee NED"]
[Date "2016.01.29"]
[Round "11"]
[White "Van Wely,L"]
[Black "Navara,D"]
[Result "1/2-1/2"]
[WhiteElo "2640"]
[BlackElo "2730"]
[EventDate "2016.01.15"]

1. Nf3 c5 2. g3 Nc6 3. Bg2 g6 4. d4 cxd4 5. Nxd4 Bg7 6. Nb3 d6 7. O-O h5 8.
h3 Be6 9. e4 Qd7 10. Kh2 f5 11. exf5 gxf5 12. N1d2 h4 13. gxh4 Nf6 14. Nf3
Ne4 15. Bg5 Bc4 16. Re1 Bxb2 17. Nbd2 Nc3 18. Nxc4 Nxd1 19. Raxd1 Bg7 20.
Nxd6+ Kf8 21. Nb5 Qc8 22. Bf4 Bf6 23. Nc7 e5 24. Nxe5 Bxe5 25. Rxe5 Nxe5
26. Bxe5 Rh7 27. Nxa8 Qxa8 28. c4 Qc8 29. Bd6+ Kf7 30. Bd5+ Kf6 31. Re1 Qd7
32. Be5+ Ke7 33. Bf4+ Kd8 34. Bg5+ Kc7 35. Bf4+ Kd8 36. Bg5+ Kc7 37. Bf4+
Kd8 1/2-1/2

[Event "78th Tata Steel GpA"]
[Site "Wijk aan Zee NED"]
[Date "2016.01.30"]
[Round "12"]
[White "Caruana,F"]
[Black "Van Wely,L"]
[Result "1-0"]
[WhiteElo "2787"]
[BlackElo "2640"]
[EventDate "2016.01.15"]

1. e4 c5 2. Nf3 d6 3. d4 cxd4 4. Nxd4 Nf6 5. Nc3 a6 6. f3 e6 7. Be3 b5 8.
Qd2 Nbd7 9. g4 h6 10. O-O-O Bb7 11. h4 b4 12. Na4 Qa5 13. b3 Be7 14. Rh3
Nc5 15. a3 Rc8 16. axb4 Nxb3+ 17. Nxb3 Qxa4 18. Kb2 d5 19. Bc5 Qd7 20. g5
hxg5 21. hxg5 Rxh3 22. Bxh3 Nh7 23. f4 Qc7 24. Bxe7 Kxe7 25. Nc5 a5 26. g6
Nf6 27. e5 Nd7 28. Nxd7 Qxd7 29. f5 Rc4 30. f6+ gxf6 31. exf6+ Kd6 32. Qh2+
Kc6 33. g7 Qd8 34. Qe5 Bc8 35. b5+ Kb7 36. Rg1 Qb6 37. g8=Q 1-0

[Event "78th Tata Steel GpA"]
[Site "Wijk aan Zee NED"]
[Date "2016.01.30"]
[Round "12"]
[White "Hou Yifan"]
[Black "Adams,Mi"]
[Result "1/2-1/2"]
[WhiteElo "2673"]
[BlackElo "2744"]
[EventDate "2016.01.15"]

1. e4 e5 2. Nf3 Nc6 3. Bb5 Nf6 4. O-O Nxe4 5. d4 Nd6 6. Bxc6 dxc6 7. dxe5
Nf5 8. Qxd8+ Kxd8 9. h3 Ke8 10. Nc3 h5 11. Rd1 Be7 12. Ne2 Nh4 13. Nxh4
Bxh4 14. Bf4 Be7 15. a4 g5 16. Be3 a5 17. f3 g4 18. Kh2 Bd7 19. Rd2 Rd8 20.
Rad1 gxf3 21. gxf3 h4 22. Rg1 c5 23. Nc3 Bc6 24. Rxd8+ Kxd8 25. f4 Kd7 26.
Rg7 Ke6 27. Nb5 Bxb5 28. axb5 c4 29. Kg2 a4 30. Bd4 Rd8 31. Bc3 Bc5 32. f5+
Kxf5 33. Rxf7+ Ke4 34. Rg7 Rf8 35. Rxc7 Rf2+ 36. Kh1 Rf1+ 37. Kg2 Rf2+ 38.
Kh1 Be3 39. e6 Rf1+ 40. Kg2 Rf2+ 41. Kh1 Rf1+ 42. Kg2 Rf2+ 1/2-1/2

[Event "78th Tata Steel GpA"]
[Site "Wijk aan Zee NED"]
[Date "2016.01.30"]
[Round "12"]
[White "Navara,D"]
[Black "Tomashevsky,E"]
[Result "1/2-1/2"]
[WhiteElo "2730"]
[BlackElo "2728"]
[EventDate "2016.01.15"]

1. d4 Nf6 2. c4 e6 3. Nf3 b6 4. g3 Ba6 5. Qa4 Bb7 6. Bg2 c5 7. dxc5 bxc5 8.
O-O Be7 9. Nc3 O-O 10. Rd1 Qb6 11. Bf4 d6 12. Rab1 Nbd7 13. b4 Rfb8 14. a3
h6 15. h3 a6 16. g4 Qc7 17. Qa5 Qxa5 18. bxa5 Ne8 19. Ne5 Nxe5 20. Bxb7
Nxc4 21. Bxa8 Rxa8 22. Rb7 Bd8 23. Ne4 Bc7 24. Rc1 Nxa5 25. Rxc7 Nxc7 26.
Bxd6 Nb5 27. Bxc5 Nb3 28. Rb1 Nxc5 29. Nxc5 Nxa3 30. Ra1 Nb5 31. Rxa6 Rxa6
32. Nxa6 1/2-1/2